| 000 | 01552nam a2200289 i 4500 | ||
|---|---|---|---|
| 001 | 155560 | ||
| 003 | ES-MaACL | ||
| 005 | 20251013193714.0 | ||
| 008 | 170619s1945 sp |||| | spa d | ||
| 080 | _a7.036(460) | ||
| 245 | 0 | 0 |
_aFiguras cumbre del arte contemporáneo español. _nV. |
| 260 |
_aBarcelona : _bArchivo de Arte, _c[1945?] |
||
| 300 |
_a1 v. : _bpricipalmente il. col. ; _c34 cm. |
||
| 505 | 8 | _aContiene: J. Sorolla / Bernardino de Pantorba (10 h. de lám., 1 retr., 4 h. de texto) . F. Pons Arnau / Bernardino de Pantorba (10 h. de lám., 1 retr., 4 h. de texto) . I. Zuloaga / Bernardino de Pantorba (10 h. de lám., 1 retr., 4 h. de texto) . Ismael Blat / Marqués de Lozoya (10 h. de lám., 1 retr., 4 h. de texto) . J. Gutiérrez Solana / Bernardirno de Pantorba (10 h. de lám., 1 retr., 4 h. de texto) | |
| 594 | _aCada artista con retrato y reproducción de obras en lám. col. y n., montadas sobre papel; más 4 h. con texto de presentación. | ||
| 600 | 1 | 4 |
_aSorolla, Joaquín, _d1863-1923 _9107418 |
| 600 | 1 | 4 |
_aPons Arnau, Francisco. _9163083 |
| 600 | 1 | 4 |
_aZuloaga, Ignacio. _9118463 |
| 600 | 1 | 7 |
_aBlat, Ismael, _d1901-1976 _2 _9163084 |
| 600 | 1 | 7 |
_aGutiérrez Solana, José, _d1886-1945 _2embne _961225 |
| 650 | 4 |
_aArte español- _yS.XX. _910202 |
|
| 650 | 4 |
_aPintura española- _yS.XX. _916042 |
|
| 700 | 1 |
_aPantorba, Bernardino de, _d1896-1990 _988829 |
|
| 700 | 1 |
_aLozoya, Juan de Contreras y López de Ayala, _cMarqués de, _d1893-1978 _9129112 |
|
| 852 | 4 |
_aES-MaACL _jB-2917 |
|
| 999 |
_c155560 _d155560 |
||